000 00558nam a22001817a 4500
003 UA-OsUOA
001 25588
007 ta
008 20040419b un ||||| |||| 00| 0 ukr d
100 _aПрісняков В.
942 _cSA
040 _aUA-OsUOA
_cUA-OsUOA
_dUA-OsUOA
245 _aМоделювання стану творчої особистості
300 _aС.83-89
955 _a0
773 0 _w0
_tПсихологія і суспільство
_dТернопіль
_d2004
_g№1
650 7 _aПсихологія особистості
_2UDC
999 _c311886
_d311886